000 01481cam a22003731 4500
999 _c88394
_d88394
001 124303
003 BJBSDDR
005 20230410132825.0
006 a|||||r|||| 00| 0
007 ta
008 780222s1894 nyu 000 0 eng
010 _aa 11001000
020 _a9781362091349
035 _a9162226
035 _a(OCoLC)3660025
040 _aDLC
_cArU
_dOCoLC
_dDLC
041 _aeng
042 _apremarc
050 1 4 _aB 3058
_bW672f 1894
100 1 _aWilde, Norman,
_d1867-1936
_922129
245 1 0 _aFriedrich Heinrich Jacobi :
_ba study of the origin of German realism /
_cby Norman Wilde.
260 _aNew York :
_bColumbia College,
_c1894.
300 _a79 p. ;
_c24 cm.
440 0 _922126
_aColumbia University Contributions to philosophy, psychology and education ;
_vv. 1, no. 1
500 _aThesis (Ph. D.)--Columbia college, 1894.
500 _aPub. also as Columbia University contributions to philosophy, psychology and education, v.1, no. 1.
505 0 _ap.1. Formative influence -- Pietism -- Rationalism -- Sensationalism -- Spinozism -- p.2. Doctrine -- Sources -- Relation of epistemiology and ontology -- Ontology -- Epistemiology -- Conclusion.
530 _aAlso available in digital form on the Internet Archive Web site.
600 1 4 _aJacobi, Friedrich Heinrich,
_d1743-1819.
_922128
650 4 _aFilosofía alemana
_95924
650 4 _aFilósofos
_9691
_zAlemania
_vBiografías
942 _2lcc
_cBK
946 _arsfv